Загрузка...

District census handbook 1981: Quilon district: Census of Kerala 1981

Библиографические подробности
Главный автор: Kerala. Directorate of Census Operations; Author
Формат: Printed Book
Опубликовано: Kerala, Director of Census Operations 1983
Серии:Census of India 1981; 10-Kerala
Предметы:
LEADER 007240000a22001810004500
082 |a 315.483 090 48 KOL M3 
100 |a Kerala. Directorate of Census Operations; Author 
245 |a District census handbook 1981: Quilon district: Census of Kerala 1981 
260 |a Kerala, Director of Census Operations 
260 |c 1983 
460 |a xxiv,146p 
490 |a Census of India 1981; 10-Kerala  |c Part XIII-A & B 
500 |a Directorate of Census Operations (Kerala) 
650 |a Kerala-Census (1981) 
650 |a Kollam (Kerala)-Census (1981) 
942 |c BK 
999 |c 5821  |d 5821 
952 |0 0  |1 0  |4 0  |6 315_483000000000000_090_48_KOL  |7 0  |8 REF  |9 5613  |a MGUL  |b MGUL  |d 2013-07-16  |l 0  |o 315.483 090 48 KOL M3  |p 12720  |r 2019-03-26  |w 2013-07-16  |y REF